| 000 | 00545nam a22002057a 4500 | ||
|---|---|---|---|
| 003 | OSt | ||
| 005 | 20140310182930.0 | ||
| 008 | 130131t xxu||||| |||| 00| 0 eng d | ||
| 020 | _a9712342115 | ||
| 050 |
_aPL 6058 _b.C357 2005 |
||
| 082 |
_aFIL 499.211 _bC28 2005 |
||
| 245 |
_aWikang Filipino : kasaysayan at pag-unlad _cCatacataca, Pamfilo |
||
| 260 |
_aManila _bRex Book Store _c2005 |
||
| 300 |
_a187 p. _c22 cm |
||
| 521 | _acollege students | ||
| 526 | _c1210L-1700L | ||
| 541 | _j1 | ||
| 562 | _e1 | ||
| 942 |
_2lcc _cBK _kFIL |
||
| 999 |
_c17512 _d17512 |
||